000 00622nam a2200241Ia 4500
001 40946
005 20240114003359.0
007 ta
008 080129s1967 g b000 u 297 u
040 _aCotton College,Assam
041 _a297
082 _a294.14
_bUm 1 Ki
100 _aUmar, Abi Uthman .
245 0 _aKitab-Ul-Hayaan /
_cAbi Uthman Umar.
_hTextual Documents
250 _a1st ed. /
260 _aKulfa :
_bAbdus Salam Mohd. ,
_c1967.
300 _a515p. ;
_c22cm.
653 _aReligious Literature
653 _aG-Arabic
942 _2ddc
_cBK
999 _c40916
_d40916